000 01156aam a2200301 i 4500
001 768714001
003 CO-MdFUSB
005 20250828145432.0
007 ta
008 250828t1983 mx |||| |||| 00| 0 spa d
040 _cCO-MdFUSB
041 0 _aspa
082 0 4 _223
_a248.86
_bL7581
100 _aLinn, Dennis.
_eautor
245 1 0 _aSanando las heridas de la vida :
_bla curación de los recuerdos, en los cinco pasos de la vida
_c/ Dennis Linn , Matthew Linn
264 1 _bPaulist Press,
_aMéxico :
_c[1983]
264 4 _c©1983
300 _a274 páginas
336 _atexto
_btxt
_2rdacontent
337 _2rdamedia
_asin mediación
_bn
338 _2rdacarrier
_avolumen
_bnc
505 _a¿Qué pasa en la curación de los recuerdos? -- Salud física y emocional. -- Predisposiciones para las cinco etapas de la muerte y del perdón. -- Las cinco etapas de la muerte y del perdón. -- La Eucaristía - Sumario de las cinco etapas de la muerte y del perdón. -- Empezando a curar los recuerdos.
563 _aRústico
653 _aSanidad espiritual
700 _aLinn, Matthew,
_96077
_eautor
942 _cBK
945 _aJTF-925
999 _c32315
_d32315